[Event "GER-chT U16 Girls"]
[Site "Neumuenster"]
[Date "2022.12.28"]
[Round "4"]
[White "Chen, Michelle"]
[Black "Muhina, Alina"]
[Result "0-1"]
[WhiteElo "1039"]
[BlackElo "1190"]
[PlyCount "54"]
[EventDate "2022.12.26"]
[EventType "team-swiss"]
[EventRounds "7"]
[EventCountry "GER"]
[SourceTitle "CBM 212 Extra"]
[Source "ChessBase"]
[SourceDate "2023.03.31"]
[SourceVersion "1"]
[SourceVersionDate "2023.03.31"]
[SourceQuality "1"]
[WhiteTeam "Norderstedt"]
[BlackTeam "Garching"]
[WhiteTeamCountry "GER"]
[BlackTeamCountry "GER"]

1. d4 d5 2. c4 e6 3. Nc3 f5 4. Nf3 Nf6 5. Bf4 a6 6. e3 Be7 7. Bd3 0-0 8. 0-0 b6 9. Ne5 Bb7 10. f3 c5 11. dxc5 Bxc5 12. Kh1 Nbd7 13. cxd5 Bxd5 14. e4 Nh5 15. exd5 Nxf4 16. Nxd7 Qxd7 17. Bc4 e5 18. Na4 Bd4 19. Qb3 b5 20. Bxb5 axb5 21. Nc3 Bxc3 22. bxc3 Qxd5 23. Qc2 Qd3 24. Qb3+ Kh8 25. Rad1 Qc4 26. Qb1 Rxa2 27. Rfe1 Re2 0-1

[Event "GER-chT Christmas U20 Girls"]
[Site "Playchess.com INT"]
[Date "2020.12.29"]
[Round "6.4"]
[White "Noennig, Lotte"]
[Black "Muhina, Alina"]
[Result "0-1"]
[WhiteElo "768"]
[BlackElo "1286"]
[PlyCount "24"]
[EventDate "2020.12.29"]
[EventType "team-swiss (blitz)"]
[EventRounds "7"]
[EventCountry "GER"]
[SourceTitle "CBM 200 Extra"]
[Source "ChessBase"]
[SourceDate "2021.03.31"]
[SourceVersion "1"]
[SourceVersionDate "2021.03.31"]
[SourceQuality "1"]
[WhiteTeam "Magdeburg Schachzwerge"]
[BlackTeam "Garching"]
[WhiteTeamCountry "GER"]
[BlackTeamCountry "GER"]

1. e4 c6 2. Nf3 d5 3. exd5 cxd5 4. Bb5+ Nc6 5. Ne5 Qb6 6. Nc3 Nf6 7. Nxd5 Nxd5 8. Nxc6 bxc6 9. Bxc6+ Qxc6 10. 0-0 Bb7 11. Re1 Nc3 12. g3 Qg2# 0-1

[Event "GER-chT U14 Girls"]
[Site "Neumuenster"]
[Date "2019.12.27"]
[Round "1.2"]
[White "Muhina, Alina"]
[Black "Halas, Neele Zoe"]
[Result "0-1"]
[WhiteElo "1228"]
[BlackElo "1076"]
[PlyCount "102"]
[EventDate "2019.12.27"]
[EventType "team-swiss"]
[EventRounds "7"]
[EventCountry "GER"]
[SourceTitle "CBM 194 Extra"]
[Source "ChessBase"]
[SourceDate "2020.03.31"]
[SourceVersion "1"]
[SourceVersionDate "2020.03.31"]
[SourceQuality "1"]
[WhiteTeam "Garching"]
[BlackTeam "Leipzig SG"]
[WhiteTeamCountry "GER"]
[BlackTeamCountry "GER"]

1. e4 e5 2. Nf3 Nc6 3. d4 exd4 4. Nxd4 Bc5 5. Nxc6 bxc6 6. Nc3 Ne7 7. Bd3 d5 8. 0-0 0-0 9. Qh5 h6 10. Bf4 Be6 11. Rad1 Qd7 12. h3 Rab8 13. b3 Qc8 14. Na4 Bb6 15. Nxb6 axb6 16. Rfe1 Rd8 17. Re3 Ng6 18. Bxh6 gxh6 19. Qxh6 dxe4 20. Be2 Rxd1+ 21. Bxd1 Qf8 22. Qg5 Rd8 23. Re1 Qe7 24. Qh6 Qh4 25. Qe3 Bf5 26. c4 Rd3 27. Qc1 Qf4 28. Re3 Rxe3 29. Qxe3 Qxe3 30. fxe3 Ne5 31. b4 Nxc4 32. Kf2 Bg6 33. g4 f6 34. Bb3 Bf7 35. Kg3 Nxe3 36. Bxf7+ Kxf7 37. Kf4 Nc2 38. Kxe4 Nxb4 39. a4 c5 40. Ke3 c6 41. Kd2 Kg6 42. h4 Nd5 43. Kd3 Nb4+ 44. Kc4 Na6 45. Kb3 b5 46. axb5 cxb5 47. Kc3 c4 48. Kb2 b4 49. Kb1 c3 50. Kc2 Nc5 51. h5+ Kh6 0-1